书目信息 |
| 题名: |
立体设计
|
|
| 作者: | 辛华泉 著 | |
| 分册: | ||
| 出版信息: | 武汉 湖北美术出版社 2005.7 |
|
| 页数: | 95页 | |
| 开本: | 26cm | |
| 丛书名: | ||
| 单 册: | ||
| 中图分类: | j061 | |
| 科图分类: | ||
| 主题词: | 美术理论 | |
| 电子资源: | ||
| ISBN: | 7-5394-1715-3 | |
| 000 | 00616 nam 000241 | |
| 001 | 0100005210 | |
| 005 | 20100325132235.46 | |
| 010 | @a7-5394-1715-3@dCNY30.00 | |
| 100 | @a20090630d2003 em y0chiy0121 ea | |
| 101 | @achi | |
| 102 | @aCN@b420000 | |
| 105 | @ay z 000yy | |
| 106 | @ar | |
| 200 | 10 | @a立体设计@9li ti she ji@f辛华泉著@Fxin hua quan zhu |
| 210 | @a武汉@c湖北美术出版社@d2005.7 | |
| 215 | @a95页@d26cm | |
| 540 | @a立体设计 | |
| 606 | @a美术理论 | |
| 690 | @aj061@v4 | |
| 701 | 0 | @a辛华泉@9xin hua quan@4著 |
| 801 | @aCN@b@c20100325 | |
| 901 | @a222222 | |
| 905 | @b904050-52@dJ061@eX510@f3 | |
| 立体设计/辛华泉著.-武汉:湖北美术出版社,2005.7 |
| 95页;26cm |
| ISBN 7-5394-1715-3:CNY30.00 |
| ● |
| 相关链接 |
|
|
|
正题名:立体设计
索取号:J061/X510
 
预约/预借
| 序号 | 登录号 | 条形码 | 馆藏地/架位号 | 状态 | 备注 |
| 1 | 904050 | 209040508 | 社科库309/309社科库 63排4列4层/ [索取号:J061/X510] | 在馆 | |
| 2 | 904051 | 209040517 | 社科库309/309社科库 63排4列4层/ [索取号:J061/X510] | 在馆 | |
| 3 | 904052 | 209040526 | 艺术设计学院资料室/ [索取号:J061/X510] | 在馆 |